[Event "Irish Championship 2018"]
[Site "Dublin IRL"]
[Date "2018.08.04"]
[Round "1.18"]
[White "Carroll, Peter"]
[Black "O'Connell, Gerard"]
[Result "1/2-1/2"]
[WhiteElo "1794"]
[BlackElo "2148"]
[WhiteICU "1802"]
[BlackICU "2099"]
[WhiteClub "Gonzaga"]
[BlackClub "St. Benildus"]
[WhiteNationality "IRL"]
[BlackNationality "IRL"]
[WhiteFideId "2510243"]
[BlackFideId "2500493"]
[PlyCount "81"]
[EventDate "2018.08.04"]
[Source "TWIC 1240"]

{ Event information: <a
href="https://www.irlchess.com/irlch2018_allfiles/pairings_irlch2018.html">Tournament
report</a>. }

1. e4 c5 2. Nc3 Nc6 3. f4 g6 4. Nf3 Bg7 5. Bb5 Nd4 6. O-O Nxb5 7. Nxb5 a6
8. Nc3 b5 9. d3 Bb7 10. e5 Nh6 11. Ne4 Rc8 12. Qe1 O-O 13. Nh4 Bxe4 14.
dxe4 d6 15. exd6 Qxd6 16. c3 f5 17. e5 Qe6 18. Nf3 Nf7 19. Be3 g5 20. fxg5
Nxe5 21. Bf4 Nxf3+ 22. Rxf3 Qe4 23. Qxe4 fxe4 24. Rff1 b4 25. Rac1 bxc3 26.
bxc3 c4 27. Bg3 Rfd8 28. Rfe1 Rd3 29. Rxe4 Bxc3 30. Kf1 Bd4 31. Ke2 Rc3 32.
Rxc3 Bxc3 33. Be1 Bb2 34. Kd1 e5 35. Kc2 Bd4 36. Bc3 Rd8 37. h4 Kg7 38. h5
Kf7 39. Rg4 Rd6 40. Bb4 Rb6 41. Bc3 1/2-1/2

[Event "Irish Championship 2018"]
[Site "Dublin IRL"]
[Date "2018.08.05"]
[Round "2.1"]
[White "Short, Philip"]
[Black "Baburin, Alexander"]
[Result "0-1"]
[WhiteTitle "FM"]
[BlackTitle "GM"]
[WhiteElo "2333"]
[BlackElo "2458"]
[BlackICU "2428"]
[BlackClub "Kilkenny"]
[WhiteNationality "IRL"]
[BlackNationality "IRL"]
[WhiteFideId "2500086"]
[BlackFideId "2500914"]
[PlyCount "68"]
[EventDate "2018.08.04"]
[Source "TWIC 1240"]

{ Event information: <a
href="https://www.irlchess.com/irlch2018_allfiles/pairings_irlch2018.html">Tournament
report</a>. } { Annotator: Alexander Baburin, <em>Chess Today</em> CT-219
(6482), 7 August 2018 (excerpted here). }

1. d4 d5 2. Nf3 Nf6 3. c4 e6 4. Nc3 Nbd7 5. cxd5 exd5 6. Bg5 Bb4 7. Bxf6 ({
"The main line is } 7. e3 c5 8. Bd3 Qa5 9. Qc2 c4 10. Bf5 O-O 11. O-O Re8 {
." }) 7... Qxf6 { "On this and the next two moves I spent 30 minutes in
total. That was reasonable as these moves could shape up the game." } 8. e3
c6 9. Bd3 O-O 10. Qc2 g6 11. a3 Bd6 12. O-O Qe7 13. e4 dxe4 14. Nxe4 Nf6 {
"Black has equalized." } 15. Rfe1 Nxe4 16. Rxe4 Qf6 17. Rae1 Bf5 18. Rh4 $2
({ "White has put his rook in a rather awkward position. Better is } 18.
R4e3 Bf4 19. Re7 Bg4 20. Qe2 b5 $1 $15 { ." }) 18... Rfe8 $1 19. Rxe8+ $6 (
{ "The fewer pieces are left on the board, the more White will feel that
his rook on h4 is misplaced. White should have played" } 19. Rd1 { ." })
19... Rxe8 20. Kf1 Bxd3+ 21. Qxd3 Qe6 22. g3 $2 ({ "White had to play } 22.
d5 $1 cxd5 (22... Qxd5 $4 23. Rd4) 23. g3 { ." }) 22... Qd5 $1 23. Kg2 Bf8
24. a4 b5 25. axb5 cxb5 26. Qc2 a5 27. b3 a4 28. bxa4 b4 29. Rf4 ({ "White
was doomed anyway - } 29. a5 b3 30. Qb1 Re2 31. a6 b2 32. a7 Qb7 33. Qa2
Re8 34. Qb1 Ra8 $19 { ." }) 29... b3 30. Qb1 Re2 31. a5 Bh6 32. Rf6 Be3 33.
a6 Rxf2+ 34. Kh3 Qh5+ 0-1

[Event "Irish Championship 2018"]
[Site "Dublin IRL"]
[Date "2018.08.05"]
[Round "2.2"]
[White "Collins, Sam"]
[Black "Wallace, Paul"]
[Result "1-0"]
[WhiteTitle "IM"]
[WhiteElo "2445"]
[BlackElo "2202"]
[WhiteICU "2425"]
[BlackICU "2182"]
[WhiteClub "Gonzaga"]
[BlackClub "Kilkenny"]
[WhiteNationality "IRL"]
[BlackNationality "IRL"]
[WhiteFideId "2501198"]
[BlackFideId "2500892"]
[PlyCount "139"]
[EventDate "2018.08.04"]
[Source "TWIC 1240"]

{ Event information: <a
href="https://www.irlchess.com/irlch2018_allfiles/pairings_irlch2018.html">Tournament
report</a>. }

1. c4 Nf6 2. Nc3 g6 3. g3 Bg7 4. Bg2 O-O 5. e3 e5 6. Nge2 d6 7. O-O c6 8.
d4 Nbd7 9. b4 Nb6 10. Qb3 Be6 11. d5 cxd5 12. cxd5 Bd7 13. a4 Qc7 14. Nb5
Qc4 15. Qxc4 Nxc4 16. e4 Rfc8 17. f3 Ne8 18. Kf2 Bf6 19. Na3 Bd8 20. a5 b6
21. Nxc4 Rxc4 22. Bd2 Rac8 23. Rfc1 Rxc1 24. Rxc1 Rxc1 25. Nxc1 a6 26. Bf1
b5 27. h4 h5 28. Ne2 f6 29. Be3 Kf7 30. Nc3 Ke7 31. Be2 Nc7 32. f4 Be8 33.
Bf1 Bd7 34. Be2 Be8 35. g4 exf4 36. Bxf4 hxg4 37. Bxg4 Bd7 38. Be2 Ne8 39.
Bd3 Kf7 40. Be3 f5 41. h5 fxe4 42. hxg6+ Kxg6 43. Bxe4+ Kf7 44. Ke2 Bf6 45.
Kd2 Bd8 46. Bd3 Nc7 47. Bb6 Ke7 48. Bf2 Kf7 49. Bg3 Bf6 50. Bxd6 Bxc3+ 51.
Kxc3 Nxd5+ 52. Kd4 Ke6 53. Bf8 Bc6 54. Kc5 Nxb4 55. Kxb4 Kd7 56. Kc5 Kc7
57. Kd4 Kb7 58. Bb4 Bg2 59. Ke5 Kc6 60. Bf5 Kb7 61. Kd6 Bf3 62. Kd7 Kb8 63.
Kd8 Bb7 64. Bd6+ Ka7 65. Kc7 b4 66. Bxb4 Bg2 67. Bc8 Bf3 68. Bc5+ Ka8 69.
Bxa6 Be4 70. Bc8 1-0

[Event "Irish Championship 2018"]
[Site "Dublin IRL"]
[Date "2018.08.05"]
[Round "2.3"]
[White "Daly, Colm"]
[Black "Lopez, Alex"]
[Result "0-1"]
[WhiteTitle "FM"]
[BlackTitle "IM"]
[WhiteElo "2329"]
[BlackElo "2411"]
[WhiteICU "2255"]
[BlackICU "2476"]
[WhiteClub "Bray/Greystones"]
[WhiteNationality "IRL"]
[BlackNationality "IRL"]
[WhiteFideId "2500434"]
[BlackFideId "2501430"]
[PlyCount "96"]
[EventDate "2018.08.04"]
[Source "TWIC 1240"]

{ Event information: <a
href="https://www.irlchess.com/irlch2018_allfiles/pairings_irlch2018.html">Tournament
report</a>. } { Annotator: Alexander Baburin, <em>Chess Today</em> CT-227
(6490), 15 August 2018. }

1. Nf3 Nf6 2. c4 b6 3. g3 Bb7 4. Bg2 c5 5. O-O g6 6. b3 Bg7 7. Bb2 O-O 8.
Nc3 d6 9. Rb1 Nbd7 10. d3 a6 11. a3 Rb8 12. e4 e6 13. Re1 Ne5 14. Nxe5 dxe5
15. b4 Nd7 16. b5 axb5 17. cxb5 Qc7 18. a4 Ra8 19. Ra1 c4 20. dxc4 Rfd8 21.
Bf1 Nc5 22. Qc2 Bh6 23. Rad1 Rd4 24. Bc1 Bxc1 25. Qxc1 Rad8 26. f3 f5 27.
Qg5 fxe4 28. Rxd4 exd4 29. Nxe4 Bxe4 30. fxe4 d3 31. Bh3 d2 32. Rd1 Qd6 33.
Qe3 e5 34. a5 bxa5 35. Bg4 a4 36. Kg2 Kg7 37. Bf3 Nd3 38. Qxd2 Nf4+ 39.
Qxf4 exf4 40. Rxd6 Rxd6 41. c5 Rd2+ 42. Kh3 Rb2 43. b6 a3 44. e5 a2 45. c6
a1=Q 46. c7 Qf1+ 47. Kg4 h5+ 48. Kxf4 Qc1+ 0-1

[Event "Irish Championship 2018"]
[Site "Dublin IRL"]
[Date "2018.08.05"]
[Round "2.4"]
[White "Li, Henry"]
[Black "Wall, Gavin"]
[Result "1/2-1/2"]
[BlackTitle "IM"]
[WhiteElo "2232"]
[BlackElo "2341"]
[WhiteICU "2207"]
[BlackICU "2290"]
[WhiteClub "Gonzaga"]
[BlackClub "Richmond ENG"]
[WhiteNationality "IRL"]
[BlackNationality "IRL"]
[WhiteFideId "2508524"]
[BlackFideId "2501244"]
[PlyCount "69"]
[EventDate "2018.08.04"]
[Source "TWIC 1240"]

{ Event information: <a
href="https://www.irlchess.com/irlch2018_allfiles/pairings_irlch2018.html">Tournament
report</a>. }

1. e4 c6 2. d4 d5 3. exd5 cxd5 4. c4 Nf6 5. Nc3 e6 6. Nf3 Bb4 7. cxd5 Nxd5
8. Qc2 Qc7 9. Bd2 Nd7 10. Rc1 Bxc3 11. bxc3 O-O 12. Bd3 N5f6 13. O-O b6 14.
Rfe1 h6 15. Ne5 Nxe5 16. dxe5 Nd7 17. Re3 Nxe5 18. Be4 Rb8 19. Rg3 f5 20.
Bxh6 fxe4 21. Bxg7 Qxg7 22. Qxe4 Rf5 23. Rxg7+ Kxg7 24. Qd4 Rb7 25. Qd8 Rf8
26. Qd4 Rf5 27. Qd8 Bd7 28. Re1 Bc6 29. h4 Bd5 30. Re3 Rbf7 31. c4 Rf8 32.
Qc7+ R8f7 33. Qd8 Rf8 34. Qc7+ R8f7 35. Qd8 1/2-1/2

[Event "Irish Championship 2018"]
[Site "Dublin IRL"]
[Date "2018.08.05"]
[Round "2.5"]
[White "Brady, Stephen"]
[Black "Murray, David"]
[Result "0-1"]
[WhiteTitle "FM"]
[WhiteElo "2336"]
[BlackElo "2149"]
[WhiteICU "2279"]
[BlackICU "2123"]
[WhiteClub "St. Benildus"]
[BlackClub "Gonzaga"]
[WhiteNationality "IRL"]
[BlackNationality "IRL"]
[WhiteFideId "2500124"]
[BlackFideId "2501511"]
[PlyCount "76"]
[EventDate "2018.08.04"]
[Source "TWIC 1240"]

{ Event information: <a
href="https://www.irlchess.com/irlch2018_allfiles/pairings_irlch2018.html">Tournament
report</a>. }

1. e4 c5 2. c3 Nf6 3. e5 Nd5 4. Nf3 Nc6 5. d4 cxd4 6. Bc4 Nb6 7. Bb3 d5 8.
exd6 Qxd6 9. O-O Be6 10. Na3 dxc3 11. Qe2 Bxb3 12. Nb5 Qd7 13. axb3 Rc8 14.
Rd1 Qe6 15. Be3 f6 16. bxc3 Kf7 17. c4 a6 18. Nbd4 Qe4 19. Qb2 Nxd4 20.
Bxd4 Qc6 21. Re1 e6 22. Re3 Bb4 23. Ng5+ fxg5 24. Rf3+ Ke8 25. Bxb6 Qxb6
26. Qxg7 Rf8 27. Rxf8+ Bxf8 28. Qxg5 Qc5 29. Qh4 Qf5 30. g4 Qg6 31. Rd1 Be7
32. Qg3 Rd8 33. Rxd8+ Bxd8 34. h3 Qe4 35. Qc3 e5 36. Qd2 Bb6 37. Qb4 Bd4
38. Kf1 Qf3 0-1

[Event "Irish Championship 2018"]
[Site "Dublin IRL"]
[Date "2018.08.05"]
[Round "2.6"]
[White "Moran, Stephen"]
[Black "Murphy, Conor E."]
[Result "1/2-1/2"]
[BlackTitle "FM"]
[WhiteElo "2155"]
[BlackElo "2336"]
[WhiteICU "2095"]
[WhiteClub "T.C.D."]
[BlackClub "Charlton ENG"]
[WhiteNationality "IRL"]
[BlackNationality "IRL"]
[WhiteFideId "2501872"]
[BlackFideId "421669"]
[PlyCount "102"]
[EventDate "2018.08.04"]
[Source "TWIC 1240"]

{ Event information: <a
href="https://www.irlchess.com/irlch2018_allfiles/pairings_irlch2018.html">Tournament
report</a>. }

1. Nf3 d5 2. e3 Nf6 3. c4 e6 4. b3 c5 5. Bb2 Nc6 6. cxd5 exd5 7. Be2 d4 8.
Bb5 Bd6 9. exd4 O-O 10. dxc5 Re8+ 11. Be2 Bxc5 12. O-O Nd4 13. Bxd4 Bxd4
14. Nxd4 Qxd4 15. Nc3 Bf5 16. Re1 a6 17. Rc1 b5 18. a3 Re7 19. Bf3 Rxe1+
20. Qxe1 Re8 21. Qd1 h6 22. h3 Bd3 23. b4 Rd8 24. Qb3 Bc4 25. Qc2 Qe5 26.
d4 Rxd4 27. Rd1 Rxd1+ 28. Nxd1 Bd5 29. Qc8+ Kh7 30. Qc2+ g6 31. Qc3 Qe6 32.
Bxd5 Nxd5 33. Qd4 Qc6 34. Kh2 Qc4 35. Qd2 Qc7+ 36. g3 Qe5 37. Qd3 h5 38. h4
Nf6 39. Ne3 Ne4 40. Kg2 Nc3 41. Kf3 f5 42. Kg2 Qe4+ 43. Qxe4 fxe4 44. f3
exf3+ 45. Kxf3 Nb1 46. Nd5 Nxa3 47. Nc7 g5 48. hxg5 Kg6 49. Kf4 Nc2 50.
Nxa6 Nd4 51. Nc7 Nc2 1/2-1/2

[Event "Irish Championship 2018"]
[Site "Dublin IRL"]
[Date "2018.08.05"]
[Round "2.7"]
[White "O'Donnell, Conor"]
[Black "Fox, Anthony"]
[Result "1-0"]
[WhiteTitle "FM"]
[WhiteElo "2336"]
[BlackElo "2046"]
[WhiteICU "2312"]
[BlackICU "2024"]
[WhiteClub "Gonzaga"]
[BlackClub "Dun Laoghaire"]
[WhiteNationality "IRL"]
[BlackNationality "IRL"]
[WhiteFideId "2504243"]
[BlackFideId "2500736"]
[PlyCount "103"]
[EventDate "2018.08.04"]
[Source "TWIC 1240"]

{ Event information: <a
href="https://www.irlchess.com/irlch2018_allfiles/pairings_irlch2018.html">Tournament
report</a>. }

1. d4 d5 2. c4 e6 3. Nc3 Nf6 4. Nf3 Be7 5. Bf4 O-O 6. e3 c5 7. dxc5 Bxc5 8.
Qc2 Nc6 9. a3 Qa5 10. Rd1 Be7 11. Be2 dxc4 12. Bxc4 e5 13. Bg3 e4 14. Nd2
Bg4 15. Rc1 Rac8 16. Ndxe4 Nxe4 17. Qxe4 Bf5 18. Qd5 Be6 19. Qxa5 Nxa5 20.
Bxe6 fxe6 21. Ke2 Nb3 22. Rb1 Rfd8 23. Rhd1 Rxd1 24. Rxd1 Bf6 25. Rd7 Nc5
26. Rc7 Rxc7 27. Bxc7 Bxc3 28. bxc3 Kf7 29. Bd6 Ne4 30. Be5 a6 31. c4 g6
32. f4 Nc5 33. Bd4 Nd7 34. c5 g5 35. Kf3 gxf4 36. exf4 Nb8 37. g4 Nc6 38.
Bc3 Ne7 39. Ke4 Nc6 40. h4 Ke7 41. h5 Kf7 42. a4 Kg8 43. f5 exf5+ 44. Kxf5
Kf7 45. g5 Ne7+ 46. Ke5 Nc6+ 47. Kd6 Ne7 48. Kc7 Nd5+ 49. Kxb7 Nxc3 50. c6
Nxa4 51. c7 Nc5+ 52. Kc6 1-0

[Event "Irish Championship 2018"]
[Site "Dublin IRL"]
[Date "2018.08.05"]
[Round "2.8"]
[White "Nolan, Conor"]
[Black "O'Gorman, Tom"]
[Result "0-1"]
[BlackTitle "FM"]
[WhiteElo "1935"]
[BlackElo "2258"]
[WhiteICU "1914"]
[BlackICU "2239"]
[WhiteClub "Gonzaga"]
[BlackClub "Dun Laoghaire"]
[WhiteNationality "IRL"]
[BlackNationality "IRL"]
[WhiteFideId "2509466"]
[BlackFideId "2508249"]
[PlyCount "78"]
[EventDate "2018.08.04"]
[Source "TWIC 1240"]

{ Event information: <a
href="https://www.irlchess.com/irlch2018_allfiles/pairings_irlch2018.html">Tournament
report</a>. }

1. d4 Nf6 2. Nf3 c5 3. d5 e6 4. Nc3 exd5 5. Nxd5 Nxd5 6. Qxd5 Nc6 7. e4 d6
8. Ng5 Qe7 9. Bb5 Bd7 10. Bc4 f6 11. Qf7+ Kd8 12. Qxe7+ Kxe7 13. Nf7 Nb4
14. Nxh8 Nxc2+ 15. Kd1 Nxa1 16. Bd5 Be6 17. Bf4 g5 18. Bg3 Bg7 19. Bxe6
Kxe6 20. Kd2 Rxh8 21. Rxa1 f5 22. exf5+ Kxf5 23. Re1 Bf6 24. Kc2 d5 25. b3
b5 26. Bd6 c4 27. f3 Rd8 28. g4+ Kg6 29. Bc5 d4 30. Re6 d3+ 31. Kd1 Kf7 32.
Ra6 c3 33. Rxa7+ Kg8 34. Bb4 Be5 35. Ra6 c2+ 36. Kc1 Bf4+ 37. Bd2 Bxd2+ 38.
Kxd2 Rc8 39. Kc1 d2+ 0-1

[Event "Irish Championship 2018"]
[Site "Dublin IRL"]
[Date "2018.08.05"]
[Round "2.9"]
[White "Cafolla, Peter"]
[Black "Delaney, Killian"]
[Result "1/2-1/2"]
[WhiteElo "1955"]
[BlackElo "2206"]
[WhiteICU "1939"]
[BlackICU "2206"]
[WhiteClub "Rathmines"]
[BlackClub "Gonzaga"]
[WhiteNationality "IRL"]
[BlackNationality "IRL"]
[WhiteFideId "2500884"]
[BlackFideId "2501570"]
[PlyCount "56"]
[EventDate "2018.08.04"]
[Source "TWIC 1240"]

{ Event information: <a
href="https://www.irlchess.com/irlch2018_allfiles/pairings_irlch2018.html">Tournament
report</a>. }

1. e4 c6 2. d3 d5 3. Nd2 e5 4. Ngf3 Bd6 5. d4 exd4 6. exd5 Nf6 7. dxc6 Nxc6
8. Be2 O-O 9. O-O Bc7 10. Nb3 Bb6 11. Bb5 Bg4 12. Bxc6 bxc6 13. Nbxd4 Qc7
14. Be3 Rad8 15. Qc1 c5 16. Nb3 Bxf3 17. gxf3 Qc6 18. Nd2 Bc7 19. Rd1 Rd5
20. Nf1 Rh5 21. Bf4 Bb6 22. Ng3 Rd5 23. c4 Rxd1+ 24. Qxd1 Rd8 25. Qe2 Re8
26. Qd3 Rd8 27. Qe2 Re8 28. Qd3 Rd8 1/2-1/2

[Event "Irish Championship 2018"]
[Site "Dublin IRL"]
[Date "2018.08.05"]
[Round "2.10"]
[White "Freeman, Gordon"]
[Black "Carroll, Peter"]
[Result "0-1"]
[WhiteElo "2205"]
[BlackElo "1794"]
[WhiteICU "2159"]
[BlackICU "1802"]
[WhiteClub "Gonzaga"]
[BlackClub "Gonzaga"]
[WhiteNationality "IRL"]
[BlackNationality "IRL"]
[WhiteFideId "2501309"]
[BlackFideId "2510243"]
[PlyCount "66"]
[EventDate "2018.08.04"]
[Source "TWIC 1240"]

{ Event information: <a
href="https://www.irlchess.com/irlch2018_allfiles/pairings_irlch2018.html">Tournament
report</a>. }

1. Nf3 Nf6 2. d4 g6 3. Bg5 Bg7 4. Nbd2 d5 5. e3 O-O 6. c3 b6 7. a4 Ba6 8.
Bxa6 Nxa6 9. Ne5 h6 10. Bh4 c5 11. f4 Rc8 12. O-O Nb8 13. f5 Nfd7 14. Nd3
g5 15. Bg3 Nc6 16. h4 e5 17. fxe6 fxe6 18. Qg4 Qe7 19. hxg5 hxg5 20. dxc5
bxc5 21. e4 d4 22. c4 Nde5 23. Bxe5 Nxe5 24. Qg3 Nxd3 25. Qxd3 g4 26. Rxf8+
Rxf8 27. Rf1 Be5 28. Qe2 Qg5 29. Rxf8+ Kxf8 30. Qf2+ Kg7 31. Kf1 Bf4 32.
Nb3 Be3 33. Qe2 Qh4 0-1

[Event "Irish Championship 2018"]
[Site "Dublin IRL"]
[Date "2018.08.05"]
[Round "2.11"]
[White "O'Connell, Gerard"]
[Black "O'Gorman, Alice"]
[Result "1-0"]
[WhiteElo "2148"]
[BlackElo "1896"]
[WhiteICU "2099"]
[BlackICU "1779"]
[WhiteClub "St. Benildus"]
[BlackClub "Dun Laoghaire"]
[WhiteNationality "IRL"]
[BlackNationality "IRL"]
[WhiteFideId "2500493"]
[BlackFideId "2508214"]
[PlyCount "107"]
[EventDate "2018.08.04"]
[Source "TWIC 1240"]

{ Event information: <a
href="https://www.irlchess.com/irlch2018_allfiles/pairings_irlch2018.html">Tournament
report</a>. }

1. d4 d5 2. c4 e6 3. Nc3 Nf6 4. Bg5 Be7 5. Nf3 h6 6. Bh4 O-O 7. e3 Nbd7 8.
Rc1 a6 9. cxd5 exd5 10. Bd3 c6 11. O-O Ne4 12. Bxe4 dxe4 13. Bxe7 Qxe7 14.
Nd2 f5 15. f4 exf3 16. Qxf3 Nf6 17. Nc4 Be6 18. Ne5 Rfe8 19. a3 Nd7 20. Ng6
Qf6 21. Qg3 Qg5 22. Rf3 Qxg3 23. Rxg3 Nf8 24. h4 Nxg6 25. Rxg6 Bf7 26. Rg3
Re7 27. Ne2 Rae8 28. Kf2 Bd5 29. Nf4 Rd7 30. Rc5 Rf8 31. Nxd5 cxd5 32. Kf3
Rf6 33. Kf4 Kf7 34. h5 Ke6 35. Rc8 Re7 36. Rg8 Rff7 37. Rg6+ Kd7 38. g3 Kc7
39. Kf3 Kd7 40. a4 Kc7 41. b4 Rd7 42. b5 axb5 43. axb5 b6 44. Rc6+ Kb7 45.
Re8 Ka7 46. Ree6 Rc7 47. Kf4 Rxc6 48. Rxc6 Re7 49. Rd6 Re4+ 50. Kf3 Rg4 51.
Rg6 Rxg6 52. hxg6 Kb7 53. Kf4 Kc7 54. Ke5 1-0

[Event "Irish Championship 2018"]
[Site "Dublin IRL"]
[Date "2018.08.05"]
[Round "2.12"]
[White "Jessel, Stephen"]
[Black "Manojlovic, Mihailo"]
[Result "1-0"]
[WhiteTitle "FM"]
[WhiteElo "2346"]
[BlackElo "1988"]
[WhiteICU "2337"]
[BlackICU "2022"]
[WhiteClub "Gonzaga"]
[BlackClub "St. Benildus"]
[WhiteNationality "IRL"]
[BlackNationality "IRL"]
[WhiteFideId "628859"]
[BlackFideId "2507633"]
[PlyCount "69"]
[EventDate "2018.08.04"]
[Source "TWIC 1240"]

{ Event information: <a
href="https://www.irlchess.com/irlch2018_allfiles/pairings_irlch2018.html">Tournament
report</a>. }

1. Nf3 Nf6 2. c4 g6 3. b4 Bg7 4. Bb2 O-O 5. g3 d6 6. Bg2 e5 7. O-O e4 8.
Nd4 c5 9. bxc5 dxc5 10. Nb3 Qe7 11. Nc3 Rd8 12. Qc2 Bf5 13. Nd5 Nxd5 14.
Bxg7 Kxg7 15. cxd5 Rxd5 16. d3 Re5 17. Qc3 Kg8 18. dxe4 Bxe4 19. Bxe4 Rxe4
20. Nxc5 Re5 21. Nd3 Rxe2 22. Nf4 Re5 23. Qc8+ Kg7 24. Rac1 Qe8 25. Rfd1
Nc6 26. Qxb7 Na5 27. Qc7 Qe7 28. Qc3 Kg8 29. Nd5 Qe6 30. Qxa5 Re2 31. Qc3
Rxa2 32. Nf6+ Kf8 33. Nd7+ Kg8 34. Qc4 Qxc4 35. Rxc4 1-0

[Event "Irish Championship 2018"]
[Site "Dublin IRL"]
[Date "2018.08.05"]
[Round "2.13"]
[White "Melaugh, Shane"]
[Black "O'Neill, Paul"]
[Result "0-1"]
[WhiteElo "2086"]
[BlackElo "1985"]
[WhiteICU "2111"]
[BlackICU "1991"]
[WhiteClub "Elm Mount"]
[BlackClub "Elm Mount"]
[WhiteNationality "IRL"]
[BlackNationality "IRL"]
[WhiteFideId "2509580"]
[BlackFideId "2507692"]
[PlyCount "74"]
[EventDate "2018.08.04"]
[Source "TWIC 1240"]

{ Event information: <a
href="https://www.irlchess.com/irlch2018_allfiles/pairings_irlch2018.html">Tournament
report</a>. }

1. c4 c5 2. Nc3 g6 3. g3 Bg7 4. Bg2 Nc6 5. e3 e5 6. Nge2 Nge7 7. O-O O-O 8.
a3 d6 9. d3 Be6 10. Nd5 Qd7 11. Re1 Bh3 12. Nxe7+ Nxe7 13. Bh1 Rac8 14. Nc3
f5 15. Rb1 g5 16. Qh5 Bg4 17. Qxg5 h6 18. Qxg7+ Kxg7 19. b4 b6 20. f4 h5
21. h4 cxb4 22. axb4 e4 23. dxe4 Rxc4 24. Bb2 Kh7 25. exf5 Nxf5 26. Bd5
Rxb4 27. Ne4 Qb5 28. Ng5+ Kh6 29. e4 Rxb2 30. Rxb2 Qxb2 31. exf5 Qd4+ 32.
Kf1 Qxd5 33. Re6+ Qxe6 34. fxe6 Re8 35. Nf7+ Kg7 36. Nxd6 Rxe6 37. Nb5 a5
0-1

[Event "Irish Championship 2018"]
[Site "Dublin IRL"]
[Date "2018.08.05"]
[Round "2.14"]
[White "Nemeth, Zalan"]
[Black "Kennedy, John P. A."]
[Result "1/2-1/2"]
[WhiteElo "1876"]
[BlackElo "2077"]
[WhiteICU "1818"]
[BlackICU "1999"]
[WhiteClub "Galway"]
[BlackClub "Dublin"]
[WhiteNationality "IRL"]
[BlackNationality "IRL"]
[WhiteFideId "2512041"]
[BlackFideId "2501120"]
[PlyCount "66"]
[EventDate "2018.08.04"]
[Source "TWIC 1240"]

{ Event information: <a
href="https://www.irlchess.com/irlch2018_allfiles/pairings_irlch2018.html">Tournament
report</a>. }

1. c4 c5 2. g3 e6 3. Bg2 Nf6 4. Nc3 Nc6 5. Nf3 d5 6. cxd5 exd5 7. d4 Be7 8.
O-O O-O 9. b3 cxd4 10. Nxd4 Re8 11. Bb2 Bg4 12. Re1 Qd7 13. Rc1 Rac8 14. a3
Nxd4 15. Qxd4 Bc5 16. Qf4 d4 17. Na4 b6 18. Nxc5 bxc5 19. b4 Rxe2 20. Rxe2
Bxe2 21. bxc5 d3 22. c6 Qd8 23. Qd2 Rc7 24. Be5 Rc8 25. c7 Qe7 26. Bxf6
gxf6 27. Bf1 Rxc7 28. Rxc7 Qxc7 29. Bxe2 dxe2 30. Qxe2 Qc1+ 31. Kg2 Qxa3
32. Qg4+ Kf8 33. Qc8+ Kg7 1/2-1/2

[Event "Irish Championship 2018"]
[Site "Dublin IRL"]
[Date "2018.08.05"]
[Round "2.15"]
[White "Butler, Kevin C."]
[Black "Keogh, Eamon"]
[Result "1-0"]
[BlackTitle "NM"]
[WhiteElo "2064"]
[BlackElo "1960"]
[WhiteICU "2000"]
[BlackICU "1888"]
[WhiteClub "Phibsboro"]
[BlackClub "Kilkenny"]
[WhiteNationality "IRL"]
[BlackNationality "IRL"]
[WhiteFideId "2501538"]
[BlackFideId "2500264"]
[PlyCount "99"]
[EventDate "2018.08.04"]
[Source "TWIC 1240"]

{ Event information: <a
href="https://www.irlchess.com/irlch2018_allfiles/pairings_irlch2018.html">Tournament
report</a>. }

1. e4 e6 2. d4 d5 3. e5 c5 4. c3 Nc6 5. Nf3 Bd7 6. a3 f6 7. Be2 fxe5 8.
Nxe5 Nxe5 9. dxe5 Qc7 10. Bf4 g6 11. O-O Bg7 12. Re1 Ne7 13. Bd3 O-O 14.
Qg4 Rf7 15. Nd2 Raf8 16. Bg3 Nf5 17. Nf3 Nxg3 18. hxg3 c4 19. Bc2 Qb6 20.
Rab1 Be8 21. Re2 Re7 22. Nd4 Qc7 23. f4 Qc8 24. Rd1 Qc5 25. Kh2 Qb6 26. Bb1
Ba4 27. Rh1 Kf7 28. Rd2 Ke8 29. Kg1 Kd8 30. Rxh7 Bxe5 31. fxe5 Rxh7 32.
Qxe6 Qc5 33. Qxg6 Rhf7 34. Qg5+ Kc8 35. Bg6 Rf1+ 36. Kh2 Rh8+ 37. Bh5 Be8
38. g4 Bxh5 39. gxh5 Qf8 40. Re2 Qf7 41. g4 Rg8 42. e6 Qc7+ 43. Qe5 Rf2+
44. Kg3 Rxe2 45. Qxc7+ Kxc7 46. Nxe2 Kd6 47. Nd4 a6 48. h6 Ke5 49. e7 Rh8
50. g5 1-0